Piłkarze Cracovii - nagła śmierć - Statystyki

Ogólne statystyki
  • Ten quiz został rozwiązany 45 razy
  • Średni wynik to 9 z 20
Answers on the Grid
Answers color-coded by a green-red scale on the quiz's grid according to % correct below.
Piotr Malarczyk
Krzysztof Drzazga
David Jablonský
Krzysztof Wołkowicz
Jacek Magiera
Filip Piszczek
Filip Majchrowicz
Mateusz Wdowiak
Sebastian Ziajka
Jakub Wróbel
Michał Rakoczy
Tomasz Dejewski
Maciej Firlej
Dominik Piła
Patryk Szysz
Hubert Matynia
Dominik Steczyk
Sebastian Strózik
Kamil Kościelny
Filip Rózga
Adam Ratajczyk
Tomasz Wełna
Michał Gliwa
Kamil Wojtkowski
Maciej Górski
Patryk Sokołowski
Michał Trąbka
Rafał Wolsztyński
Damian Gąska
Rafał Grodzicki
Rafał Figiel
Bartosz Kwiecień
Matej Rodin
Michał Helik
Kamil Glik
Sebastian Bergier
Kazimierz Węgrzyn
Patryk Makuch
Szymon Sobczak
Janusz Gol
 
Statystyki odpowiedzi
Odpowiedź % Poprawnych
Kamil Glik
84%
Mateusz Wdowiak
81%
Michał Rakoczy
75%
Filip Rózga
72%
Michał Helik
72%
Patryk Makuch
72%
Filip Piszczek
69%
David Jablonský
66%
Janusz Gol
63%
Matej Rodin
59%
Dominik Piła
53%
Patryk Sokołowski
50%
Kazimierz Węgrzyn
31%
Piotr Malarczyk
28%
Sebastian Strózik
28%
Filip Majchrowicz
13%
Jacek Magiera
13%
Rafał Grodzicki
9%
Tomasz Wełna
9%
Michał Gliwa
0%
Nie znaleziono quizów pasujących do podanych kryteriów
Rozkład punktacji
Procent ludzi z każdym wynikiem
Percentyl według liczby udzielonych odpowiedzi
Twoja historia wyników
Nie rozwiązałeś tego quizu